000 00989cam a2200277 a 4500
001 000015821
005 20240501125920.0
008 991206s1999 mx 000 0 spa c
020 _a9681905067
035 _a(OCoLC)ocm43716543
040 _aDO-SdBNP
_cPL#
_dZCU
_dDLC
042 _apcc
082 _a161
_bP434c
100 1 _aPereda, Carlos,
_d1944-
_935618
245 1 0 _aCrítica de la razón arrogante :
_bcuatro panfletos civiles /
_cCarlos Pereda.
260 _aMéxico :
_bTaurus,
_c1999.
300 _a155 p. ;
_c21 cm.
490 1 _aPensamiento
505 0 _aEstrategía de las dos inculturas -- Hay que defender la primacía de la moral? -- La identidad personal en conflicto, el reconocimiento del otro, también en conflicto? -- Historia y desprecio.
650 4 _aRazonamiento
_91177
650 4 _aCondiciones morales
_935619
650 0 _aIdentidad (Psicología)
_935620
830 0 _aPensamiento ;
_99245
910 _aCatalogación por copia / LC
049 _aBNGR
999 _c15366
_d15366